ბათუმის შოთა რუსთაველის სახელმწიფო უნივერსიტეტის ბიბლიოთეკა

მეთოდური მითითებები ლაბორატორიული სამუშაოების ჩასატარებლად ელექტრონიკის თეორიულ საფუძვლებსა და ელექტრული წრედების თეორიაში : პირველი ნაწილი. / (ბიბ.ჩანაწერი № 39832)

000 -ლიდერი
ფიქსირებული სიგრძის საკონტროლო ველი 01538nam a2200217Ia 4500
001 - საკონტროლო ნომერი
საკონტროლო ველი 6437
003 - საკონტროლო ნომრის იდენტიფიკატორი
საკონტროლო ველი GE_BSU
005 - ბოლო ოპერაციის თარიღი და დრო
საკონტროლო ველი 20190621191905.0
008 - ფიქსირებული სიგრძის მონაცემთა ელემენტები - ზოგადი ინფორმაცია
ფიქსირებული სიგრძის საკონტროლო ველი 181216s1985|||| |||||||||||||| ||geo||
080 ## - უნივერსალური ათობითი კლასიფიკაციის ინდექსი
Universal Decimal Classification number 621.3(076.5)(072) მ-50
245 ## - ცნობა სათაურის შესახებ
Title მეთოდური მითითებები ლაბორატორიული სამუშაოების ჩასატარებლად ელექტრონიკის თეორიულ საფუძვლებსა და ელექტრული წრედების თეორიაში : პირველი ნაწილი. /
Statement of responsibility, etc შემდგ : პ. მერაბიშვილი ; ა.კოტია ; გ.ვადაჭკორია ; ნ.წივწივაძე ; და სხვ. რედ : მ. ძიძიგური.
264 ## - წარმოების, გამოცემის, დისტრიბუციის და სხვა ცნობები
გამოცემის, წარმოების, დისტრიბუციის... ადგილი თბილისი :
გამოცემის, წარმოების, დისტრიბუციის... სახელწოდება სპი,
გამოცემის, წარმოების, დისტრიბუციის... თარიღი 1985.
300 ## - ფიზიკური აღწერა
Extent 107გვ.:
Other physical details ნახაზ;
Dimensions 20 სმ.
653 ## - INDEX TERM--UNCONTROLLED
Uncontrolled term ელექტრონიკის და ელექტრული წრედების თეორია
700 ## - ADDED ENTRY--PERSONAL NAME
Personal name მერაბიშვილი, პ
Relator term შემდგენელი
9 (RLIN) 2765
700 ## - ADDED ENTRY--PERSONAL NAME
Personal name კოტია, ა
Relator term შემდგენელი
9 (RLIN) 2769
700 ## - ADDED ENTRY--PERSONAL NAME
Personal name ვადაჭკორია, გ
Relator term შემდგენელი
9 (RLIN) 2770
700 ## - ADDED ENTRY--PERSONAL NAME
Personal name წივწივაძე, ნ
Relator term შემდგენელი
9 (RLIN) 2771
700 ## - ADDED ENTRY--PERSONAL NAME
Personal name ძიძიგური, მ
Relator term რედაქტორი
9 (RLIN) 472
942 ## - ADDED ENTRY ELEMENTS (KOHA)
Koha item type წიგნი
Source of classification or shelving scheme
ეგზემპლარები
ჩამოწერის სტატუსი დაკარგული ეგზემპლარის სტატუსი კლასიფიკაციის წყარო ან თაროზე გაწყობის სქემა დაზიანების სტატუსი არ გაიცემა მუდმივი მდებარეობა (დაცვის ადგილი) ამჟამინდელი ადგილსამყოფელი თაროზე განთავსების ადგილი შეძენის თარიღი ღირებულება, შესყიდვის ნორმალური ფასი სრული შენახვის შიფრი შტრიხკოდი ბოლო ოპერაციის თარიღი ეგზემპლარის მიმდევრობითი ნომერი (კეტერი?) ფასის ძალაში შესვლის თარიღი ეგზემპლარის სახეობა საჯარო შენიშვნა
          ტექნოლოგიური ფაკულტეტის ბიბლიოთეკა ტექნოლოგიური ფაკულტეტის ბიბლიოთეკა წიგნსაცავი 2018-12-17 0.00 621.3(076.5)(072) მ-50 10762 2018-12-17 10762 2018-12-17 წიგნი 0,30 თ.